000 01538cam a22004454i 4500
003 PE-LiUPU
005 20250731172815.0
008 150617s r 000 0 d
035 _a(Sirsi) a13801
040 _aPE-LiUPU
_bspa
_cPE-LiUPU
_erda
049 _aPRUA
082 0 4 _a229.918
_bG27
_221
100 1 _aGaster, Theodor H.,
_eautor.
245 1 4 _aThe dead sea scriptures /
_cTheodor H. Gaster.
264 1 _aNew York :
_bDoubley Anchor Books,
_c1957.
300 _a350 páginas ;
_c19 cm
336 _atext
_2rdacontent
337 _aunmediated
_2rdamedia
338 _avolume
_2rdacarrier
505 0 _aThe service of God: Rules of the brotherhood. -The praise of God: Hymns and Psalms. -The word of God: The study of the scriptures. -The Triumph of God: Descriptions of the final age.
526 _aSEG42
526 _aSEG41
526 _aSEG40
526 _aSEG39
526 _aP94
526 _aP87
526 _aP86
526 _aP85
526 _aP77
526 _aP76
526 _aP35
650 0 4 _aManuscritos del mar Muerto.
910 _ajck
_bjvq
_cjck
_d20150616
942 _2ddc
_cBOOK
949 _a229.918 G27
_wDEWEY
_c1
_i22348
_lCCODEBUL1
_mBUL
_p00.00
_r0
_sY
_tBOOK
_u19840307
_xTEOLOGIA
_PP35
_0COMPRA
_o.STAFF. Colección General
994 _aC0
_bPEPRU
596 _a1
999 _a229.918 G27
_wDEWEY
_c4209
_i22348
_d4209
_f2021-11-11
_g5
_lCCODEBUL1
_mBUL
_q1
_r0
_sY
_tBOOK
_u2015-6-17
_xTEOLOGIA
_PP35
_0COMPRA
_o.STAFF. Colección General
980 _81
_gALBERTO SANCHEZ Responsable de Automatización